[Event "Konjice op"]
[Site "Konjice"]
[Date "2009.04.04"]
[Round "7"]
[White "Arbeiter, Ludvik"]
[Black "Marguc, Franc"]
[Result "1/2-1/2"]
[WhiteElo "1573"]
[BlackElo "1966"]
[PlyCount "113"]
[EventDate "2009.03.26"]
[EventType "swiss"]
[EventRounds "9"]
[EventCountry "SLO"]
[SourceTitle "CBM 129 Extra"]
[Source "ChessBase"]
[SourceDate "2009.05.05"]
[SourceVersion "2"]
[SourceVersionDate "2009.05.20"]
[SourceQuality "1"]

1. d4 d5 2. c4 e6 3. Nc3 Nf6 4. Bg5 Nbd7 5. e4 dxe4 6. Nxe4 Be7 7. Nc3 0-0 8. Nf3 b6 9. Bd3 Bb7 10. Qc2 h6 11. Bf4 c5 12. Nb5 Ne8 13. Be4 Qc8 14. 0-0 a6 15. Nc3 cxd4 16. Bxb7 Qxb7 17. Ne2 Bf6 18. Ng3 e5 19. Bd2 Nc5 20. b4 e4 21. Rab1 exf3 22. bxc5 fxg2 23. Rfe1 b5 24. cxb5 axb5 25. c6 Qa6 26. Bb4 Qxa2 27. Qxa2 Rxa2 28. Bxf8 Kxf8 29. Rxb5 Ra8 30. Rd5 Rc8 31. Rc1 Ke7 32. Rd7+ Kf8 33. Kxg2 Nc7 34. Ne4 Be5 35. Nd6 Bxd6 36. Rxd6 Ne6 37. Rd7 Ke8 38. h4 Rxc6 39. Rxc6 Kxd7 40. Ra6 Ke7 41. Kf3 Kf6 42. Ra5 g6 43. Kg4 Nc7 44. Rc5 Ne6 45. Rd5 Ke7 46. f4 f5+ 47. Kf3 Kf6 48. Rd6 Ke7 49. Rd5 Kf7 50. Rd7+ Kf6 51. Rh7 g5 52. Rxh6+ Kf7 53. fxg5 d3 54. Rf6+ Ke7 55. Rxf5 Nd4+ 56. Ke4 Nxf5 57. Kxd3 1/2-1/2

[Event "Konjice op"]
[Site "Konjice"]
[Date "2009.03.28"]
[Round "3"]
[White "Arbeiter, Ludvik"]
[Black "Unuk, Laura"]
[Result "1-0"]
[WhiteElo "1573"]
[BlackElo "1500"]
[PlyCount "87"]
[EventDate "2009.03.26"]
[EventType "swiss"]
[EventRounds "9"]
[EventCountry "SLO"]
[SourceTitle "CBM 129 Extra"]
[Source "ChessBase"]
[SourceDate "2009.05.05"]
[SourceVersion "2"]
[SourceVersionDate "2009.05.20"]
[SourceQuality "1"]

1. d4 d5 2. c4 c6 3. cxd5 cxd5 4. Nc3 Nf6 5. Bg5 e6 6. Nf3 Nbd7 7. e4 dxe4 8. Nxe4 Be7 9. Bxf6 Nxf6 10. Nxf6+ Bxf6 11. Bd3 Qb6 12. Qd2 Bd7 13. Bc4 Rc8 14. b3 Be7 15. 0-0 Qb4 16. Qe3 b5 17. Bd3 Bf6 18. Rac1 0-0 19. d5 a6 20. Rxc8 Rxc8 21. dxe6 Bxe6 22. Rd1 Qa3 23. Bb1 Qc5 24. Qe4 g6 25. h4 Bf5 26. Qf4 Bxb1 27. Qxf6 Bxa2 28. b4 Qxb4 29. h5 Qf8 30. Qf4 Be6 31. Ng5 Qe7 32. hxg6 hxg6 33. Re1 Rc6 34. Re3 f6 35. Nf3 Rc1+ 36. Kh2 Qh7+ 37. Kg3 Bf7 38. Qxf6 a5 39. Qd8+ Kg7 40. Ng5 Qh5 41. Nxf7 Kxf7 42. Re7+ Kf6 43. Qf8+ Kg5 44. Re5# 1-0

[Event "Konjice op"]
[Site "Konjice"]
[Date "2009.03.28"]
[Round "5"]
[White "Kolsek, Jan"]
[Black "Arbeiter, Ludvik"]
[Result "0-1"]
[WhiteElo "1500"]
[BlackElo "1573"]
[PlyCount "61"]
[EventDate "2009.03.26"]
[EventType "swiss"]
[EventRounds "9"]
[EventCountry "SLO"]
[SourceTitle "CBM 129 Extra"]
[Source "ChessBase"]
[SourceDate "2009.05.05"]
[SourceVersion "2"]
[SourceVersionDate "2009.05.20"]
[SourceQuality "1"]

1. e4 c5 2. g3 Nc6 3. b3 d5 4. Bg2 d4 5. d3 e5 6. Nf3 h6 7. 0-0 Bd6 8. a4 Bg4 9. h3 Be6 10. Kh2 Qd7 11. c4 f5 12. Ra2 Nf6 13. Bd2 g5 14. Ng1 g4 15. h4 f4 16. Na3 a6 17. Nc2 0-0-0 18. Ne1 Rdf8 19. f3 Nh5 20. Ne2 Rhg8 21. Nc2 fxg3+ 22. Nxg3 Nxg3 23. Bxh6 Nxf1+ 24. Qxf1 g3+ 25. Kg1 Qh7 26. Bh3 Qxh6 27. Bxe6+ Qxe6 28. Ne1 Be7 29. h5 Nb4 30. Rb2 Rf4 31. Ng2 0-1

[Event "Konjice op"]
[Site "Konjice"]
[Date "2009.03.26"]
[Round "1"]
[White "Spalir, Jernej"]
[Black "Arbeiter, Ludvik"]
[Result "1-0"]
[WhiteElo "2063"]
[BlackElo "1573"]
[PlyCount "57"]
[EventDate "2009.03.26"]
[EventType "swiss"]
[EventRounds "9"]
[EventCountry "SLO"]
[SourceTitle "CBM 129 Extra"]
[Source "ChessBase"]
[SourceDate "2009.05.05"]
[SourceVersion "2"]
[SourceVersionDate "2009.05.20"]
[SourceQuality "1"]

1. d4 Nf6 2. c4 e6 3. Nc3 d5 4. Bg5 Be7 5. e3 0-0 6. Nf3 Nbd7 7. c5 Ne4 8. Bf4 Nxc3 9. bxc3 b6 10. cxb6 axb6 11. Bb5 Nf6 12. Ne5 Bd7 13. Bxd7 Nxd7 14. Nc6 Qe8 15. Qb3 Ra3 16. Qb2 Nf6 17. Nxe7+ Qxe7 18. Bxc7 Rc8 19. Bxb6 Raxc3 20. Bc5 R3xc5 21. dxc5 Qxc5 22. 0-0 Qd6 23. Rfc1 Rb8 24. Qc2 g6 25. a4 Ng4 26. Qc7 Qb4 27. Qf4 f5 28. Rc8+ Kg7 29. Rxb8 1-0